[Event "Toronto Ontario U1600 op"]
[Site "Toronto"]
[Date "2010.05.23"]
[Round "4"]
[White "Aghamalian, Derick"]
[Black "Yang, Jerry"]
[Result "1-0"]
[WhiteElo "1328"]
[BlackElo "1575"]
[PlyCount "64"]
[EventDate "2010.05.22"]
[EventType "tourn"]
[EventRounds "6"]
[EventCountry "CAN"]
[SourceTitle "EXT 2022"]
[Source "ChessBase"]
[SourceDate "2021.10.06"]
[SourceVersion "1"]
[SourceVersionDate "2021.10.06"]
[SourceQuality "1"]

1. e4 c6 2. d4 d5 3. Nc3 dxe4 4. Nxe4 Nf6 5. Qd3 g6 6. Nxf6+ exf6 7. Nf3 Bf5 8. Qe3+ Be7 9. Bd3 Bxd3 10. Qxd3 0-0 11. 0-0 Re8 12. Re1 Nd7 13. Bf4 Qb6 14. b3 Rad8 15. c3 Nf8 16. Re2 Ne6 17. Bg3 f5 18. h4 f4 19. Bh2 c5 20. d5 Qd6 21. c4 Bf6 22. Rae1 Rf8 23. Qe4 Ng7 24. Qxf4 Qxf4 25. Bxf4 Nf5 26. g3 Bd4 27. Be5 Bxe5 28. Rxe5 h5 29. Nd2 Nd4 30. Kg2 b6 31. Re7 a5 32. Rb7 Rd6 1-0